| 000 | | | 05030cbm0a2200301#x 450 |
| 001 | | | 54eb2b53-06a4-48cc-8e39-8bdf847241c7 |
| 005 | | | 20221228115539.0 |
| 100 | ## | $a | 20221223j19411110k###0rusy50 ca |
| 101 | 0# | $a | rus |
| 102 | ## | $a | RU |
| 122 | 0# | $a | d19411110#### |
| 200 | 1# | $a | Постановление Политбюро ЦК ВКП(б) "Об отборе членов ВКП(б) на руководящую политработу в РККА" |
| | $j | 10 ноября 1941 г. |
| 251 | ## | $c | Документ |
| 300 | ## | $a | Подлинник. Подпись секретаря ЦК ВКП(б) А. А. Андреева - факсимиле, подписи М. И. Калинина, К. Е. Ворошилова, Н. М. Шверника - автографы |
| 461 | #0 | $1 | 2001 |
| | $a | Ф. 17 |
| | $1 | 251 |
| | $c | Фонд |
| | $1 | 852 |
| | $j | 17 |
| 462 | #0 | $1 | 2001 |
| | $a | Оп. 163 |
| | $1 | 251 |
| | $c | Опись |
| | $1 | 852 |
| | $j | 163 |
| 462 | #0 | $1 | 2001 |
| | $a | Д. 1323 |
| | $v | Л. 251-253 |
| | $1 | 251 |
| | $c | Дело |
| | $1 | 852 |
| | $j | 1323 |
| 600 | #1 | $2 | prlib_sh |
| | $3 | LIBNET\UAF\0000091511 |
| | $a | Калинин |
| | $g | Михаил Иванович |
| | $b | М.И. |
| | $f | 1875-1946 |
| | $x | Автографы |
| 600 | #1 | $2 | prlib_sh |
| | $3 | LIBNET\UAF\0000091329 |
| | $a | Ворошилов |
| | $g | Климент Ефремович |
| | $b | К. Е. |
| | $f | 1881-1969 |
| | $x | Автографы |
| 605 | ## | $2 | prlib_sh |
| | $3 | LIBNET\UAF\0000088514 |
| | $a | Вторая мировая война в архивных документах (Комплекс оцифрованных архивных документов, кино- и фотоматериалов) |
| | $l | коллекция |
| 606 | 1# | $2 | nlr_sh |
| | $3 | RU\NLR\AUTH\668893 |
| | $a | Великая Отечественная война |
| | $z | 1941 - 1945 |
| | $j | Документы и материалы |
| 607 | ## | $2 | nlr_sh |
| | $3 | RU\NLR\AUTH\661372438 |
| | $a | СССР |
| | $x | Политика и управление |
| | $z | 1941 - 1945 |
| | $j | Документы и материалы |
| 686 | ## | $a | 63.3(2)622-33ю11 |
| | $v | LBC/M |
| | $2 | rubbk |
| 801 | #0 | $a | RU |
| | $b | ПБ им. Б.Н. Ельцина |
| | $c | 20221223 |
| 801 | #1 | $a | RU |
| | $b | ПБ им. Б.Н. Ельцина |
| | $c | 20221223 |
| | $2 | rusmarc |
| 801 | #2 | $a | RU |
| | $b | ПБ им. Б.Н. Ельцина |
| | $c | 20221228 |
| | $2 | rusmarc |
| 850 | ## | $a | Российский государственный архив социально-политической истории |
| 852 | ## | $a | РГАСПИ |
| | $j | Л. 251-253 |
| 035 | ## | $a | LIBNET\0001299148 |
| 937 | ## | $d | 181770191 |
| | $h | Федеральное архивное агентство |
| 856 | 4# | $u | http://readingroom.main.prlib.ru/item.aspx?id_node=n181770191&mode=full |